GETS Theological Seminary Library

Christianity in a mechanistic universe: (Record no. 12075)

MARC details
000 -LEADER
fixed length control field 00503nam a2200157Ia 4500
008 - FIXED-LENGTH DATA ELEMENTS--GENERAL INFORMATION
fixed length control field 200815s9999||||xx |||||||||||||| ||und||
041 ## - LANGUAGE CODE
Language code of text/sound track or separate title eng
050 ## - LIBRARY OF CONGRESS CALL NUMBER
Classification number BL241
Item number .M153 1965
100 ## - MAIN ENTRY--PERSONAL NAME
Personal name MacKay, Donald MacCrimmon
245 #0 - TITLE STATEMENT
Title Christianity in a mechanistic universe:
Remainder of title and other essays /
Statement of responsibility, etc. Donald MacCrimmon MacKay
260 ## - PUBLICATION, DISTRIBUTION, ETC.
Place of publication, distribution, etc. London:
Name of publisher, distributor, etc. Inter-Varsity Fellowship
Date of publication, distribution, etc. 1965
300 ## - PHYSICAL DESCRIPTION
Extent 125 p.
Other physical details ;
Dimensions 18 cm.
650 ## - SUBJECT ADDED ENTRY--TOPICAL TERM
Topical term or geographic name entry element Religion and science -- 1946-
650 ## - SUBJECT ADDED ENTRY--TOPICAL TERM
Topical term or geographic name entry element Religion and science.
Holdings
Withdrawn status Lost status Damaged status Not for loan Home library Current library Shelving location Date acquired Total Checkouts Full call number Barcode Date last seen Price effective from Koha item type
        GETS Theological Seminary Library GETS Theological Seminary Library General Stacks 08/15/2020   BL241 .M153 1965 00002942 08/15/2020 08/15/2020 English Books
OpacCredits

Contact the Librarian, GETS Library
Email: library@mygets.org









Implemented by GETS Library
(Powered by ETCA Professional Group)
GETS Theological Seminary
412 E. Rowland Street, CA 91723